Statistiques concernant Pokémon se terminant par I

Cliquez ici pour prendre le quiz!

Statistiques générales

  • Ce quiz a été pris 447 fois
    (405 depuis la dernière actualisation)
  • Le résultat moyen est 19 sur 46

Statistiques - réponses

Pokémon% Correct
133Evoli
81%
134Aquali
80%
136Pyroli
78%
197Noctali
76%
135Voltali
74%
196Mentali
72%
471Givrali
68%
700Nymphali
67%
470Phyllali
65%
120Stari
53%
251Celebi
52%
385Jirachi
45%
041Nosferapti
45%
494Victini
45%
396Etourmi
44%
175Togepi
43%
201Zarbi
42%
257Braségali
41%
312Négapi
40%
311Posipi
40%
440Ptiravi
38%
415Apitrini
37%
244Entei
37%
498Gruikui
37%
459Blizzi
36%
362Oniglali
36%
091Crustabri
35%
238Lippouti
35%
081Magnéti
35%
412Cheniti
33%
316Gloupti
33%
460Blizzaroi
31%
658Amphinobi
30%
491Darkrai
30%
803Vémini
30%
778Mimiqui
26%
798Katagami
25%
230Hyporoi
23%
633Solochi
23%
422Sancoki
22%
566Arkéapti
20%
438Manzaï
20%
532Charpenti
17%
556Maracachi
13%
677Psystigri
8%
768Sarmuraï
8%

Distribution des résultats

Percentile par nombre de réponses

% des personnes avec chaque résultat

Votre développement - résultats

Vous n’avez pas pris ce quiz depuis la dernière actualisation